书目信息 |
| 题名: |
汤姆叔叔的小屋
|
|
| 作者: | 斯托夫人 著 ;陈琳秀 译 | |
| 分册: | ||
| 出版信息: | 哈尔滨 哈尔滨出版社 1997.01 |
|
| 页数: | 516页 | |
| 开本: | 26cm | |
| 丛书名: | ||
| 单 册: | ||
| 中图分类: | I712.44 | |
| 科图分类: | ||
| 主题词: | 文学 | |
| 电子资源: | ||
| ISBN: | 7-80609-164-5 | |
| 000 | 00810 nam 000265 | |
| 001 | 1734625160 | |
| 005 | 20170908093732.72 | |
| 010 | @a7-80609-164-5@dCNY32.60 | |
| 100 | @a20110217d1997 em y0chiy0121 ea | |
| 101 | 0 | @achi |
| 102 | @aCN@b420000 | |
| 105 | @ay z 000yy | |
| 200 | 1 | @a汤姆叔叔的小屋@Atang mu shu shu de xiao wu@f(美)斯托夫人著@F( mei ) si tuo fu ren zhu@g陈琳秀译@Gchen lin xiu yi |
| 210 | @a哈尔滨@c哈尔滨出版社@d1997.01 | |
| 210 | @a海口@c海南国际新闻出版中心 | |
| 215 | @a516页@d26cm | |
| 300 | @a全球百大名著系列(插图本) 第三辑 | |
| 540 | @a汤姆叔叔的小屋 | |
| 606 | 0 | @a文学 |
| 690 | @aI712.44@v4 | |
| 701 | 0 | @a斯托夫人@Asi tuo fu ren@4著 |
| 702 | @a陈琳秀@Achen lin xiu@4译 | |
| 801 | 0 | @aCN@bDYGS@c20101115 |
| 901 | @a211986 | |
| 905 | @b1076663-5@dI712.44@eS7093@f3 | |
| 汤姆叔叔的小屋/(美)斯托夫人著/陈琳秀译.-哈尔滨:哈尔滨出版社,1997.01.-海口:海南国际新闻出版中心 |
| 516页;26cm |
| 全球百大名著系列(插图本) 第三辑 |
| ISBN 7-80609-164-5:CNY32.60 |
| ● |
| 相关链接 |
|
|
|
正题名:汤姆叔叔的小屋
索取号:I712.44/S7093
 
预约/预借
| 序号 | 登录号 | 条形码 | 馆藏地/架位号 | 状态 | 备注 |
| 1 | 1239537 | 212395371 | 文学库116/116文学库 26排1列2层/ [索取号:I712.44/S7093] | 在馆 |